000 00836nam a2200253 a 4500
001 351
003 BR-CuiBMT
005 20231121233030.0
008 230818s2015 mgba 000 0 por d
020 _a9788545000471
040 _aBR-CuiBMT
_cBR-CuiBMT
080 _22007
_a342.72/.73:35
090 _a342.72/.73:35
_bH468c
_c2. ed.
100 1 _aHeinen, Juliano
245 1 0 _aComentários à lei de acesso à informação :
_bLei nº 12.527/2011 /
_cJuliano Heinen.
250 _a2. ed., rev. e atual.
260 _aBelo Horizonte :
_bFórum,
_c2023.
300 _a321 p. :
_bil. ;
_c22 cm
504 _aInclui bibliografia.
650 _aDocumentos públicos
_vLegislação
_zBrasil
650 _aInformações governamentais
_xControle de acesso
_zBrasil
650 _aDireito à informação
_vLegislação
_zBrasil
942 _2udc
_cLV
999 _c351
_d351